Lehrbuch der Psychologie /

Uložené v:
Podrobná bibliografia
Hlavný autor: Jerusalem, Wilhelm, 1854-1923 (Author)
Médium: Kniha
Jazyk:German
Vydané: Wien : Leipzig : Wilhelm Braumüller, 1907.
Vydanie:4. Aufl.
ISBN: (viaz.)
Fyzický popis: 213 s.
Tagy: Pridať tag
Žiadne tagy, Buďte prvý kto otaguje tento záznam!

MARC

LEADER 00000nam a22000002a 4500
001 000589058
005 20180721223220.0
008 141030 1907 au e ger d
020 |a (viaz.) 
040 |a SVKKK  |b slo  |c SVKKK  |e AACR2 
041 0 |a ger 
044 |a au  |c AT 
100 1 |a Jerusalem, Wilhelm,  |d 1854-1923  |4 aut 
245 1 0 |a Lehrbuch der Psychologie /  |c Wilhelm Jerusalem. 
250 |a 4. Aufl. 
260 |a Wien :  |a Leipzig :  |b Wilhelm Braumüller,  |c 1907. 
300 |a 213 s. 
910 |a svkkk 
998 |a BK 
090 |g SCKHL  |k Sklad Pribinova 2. posch.  |a III.77465  |j 154134  |i 2720363070  |s Prezenčne